000 00866cam a22002174a 4500
005 20250605164045.0
008 250528s ||||||||||||||||||||||||d
035 _a17115
020 _a29465389
040 _aGR-AtMCL
_bgre
_dGR-AtMCL
_eAACR2
245 1 _aA First Course in Statistics / Third Edition
250 _a3rd
260 _bDellen Publishing Company,
_c1991
300 _a596
520 _aWhat is Statistics?, Methods for Describing Sets of Data, Probability, Random Variables and Probability Distributions, Sampling Distributions, Estimation and Tests of Hypotheses: Single Sample, Comparing Two or More Population Means, Comparing Two or More Population Proportions, Simple Linear Regression, Appendices, Index.
700 1 _aDietrich Frank H. Ii
_93258
700 1 _aMcclave James T
_93259
942 _cBK
999 _c2555
_d2555